|
|
|
|
| LEADER |
00000nab a2200000uu 4500 |
| 001 |
vtls011526656 |
| 003 |
SK-MaSNL |
| 005 |
20260303112837.0 |
| 008 |
230121|1975 xo |||||||||||||||||slo| |
| 015 |
|
|
|a SNBRB
|
| 035 |
|
|
|a (urnnbn)urn:nbn:sk:snk:ar-a08t0d
|
| 035 |
|
|
|a (uuid)43127413-619f-40b5-8342-27147a63095d
|
| 035 |
|
|
|a urn:nbn:sk:snk-abedpb
|
| 040 |
|
|
|a SNKBUCL
|b slo
|c SNKBUCL
|e AACR2
|
| 041 |
0 |
|
|a slo
|
| 044 |
|
|
|a xo
|c SK
|
| 100 |
1 |
|
|a Gábriš, Karol,
|d 1919-1998
|4 aut
|9 164199
|
| 245 |
1 |
0 |
|a Medzi dvoma svetovými vojnami
|c K. Gábriš
|
| 773 |
0 |
|
|t Cirkevné listy : časopis venovaný záujmom cirkve evanjelickej a. v.
|g Roč. 88, č. 2 (1975), s. [21]-23
|
| 954 |
|
|
|a odborná, vedecká literatúra pôvodná (slovenská)
|2 lita
|
| 958 |
|
|
|a OND
|
| 958 |
|
|
|a EUIPO
|
| 958 |
|
|
|a article21
|
| 999 |
|
|
|c 1887835
|d 1889765
|